Sports Quiz

Random Sports or NBA Quiz

NBA D-League Teams Quiz Stats

 Plays Quiz not verified by Sporcle

Challenge
Share
Tweet
Embed
Score 0/16 Timer 07:00
0 Plays Today
Current % Correct
Los Angeles D-Fenders
53.4%
Fort Wayne Mad Ants
50.4%
Tulsa 66ers
47.4%
Austin Toros
46.6%
Sioux Falls Skyforce
42.9%
Idaho Stampede
42.1%
Dakota Wizards
39.8%
Reno Bighorns
39.8%
Current % Correct
Iowa Energy
39.1%
Erie BayHawks
36.8%
Bakersfield Jam
36.8%
Rio Grande Valley Vipers
36.8%
Springfield Armor
35.3%
Maine Red Claws
32.3%
Albuquerque Thunderbirds
29.3%
Utah Flash
28.6%

You're not logged in!

Compare scores with friends on all Sporcle quizzes.
Join for Free
OR
Log In

You Might Also Like...

Show Comments

Extras

Top Quizzes Today


Score Distribution

Your Account Isn't Verified!

In order to create a playlist on Sporcle, you need to verify the email address you used during registration. Go to your Sporcle Settings to finish the process.

Report this User

Report this user for behavior that violates our Community Guidelines.

Details: